Generación del 13

Saved in:
Bibliografiske detaljer
Format: Bog
Sprog:spansk
Udgivet: Santiago Banco Concepción 1987
Serier:Colección Pinacoteca de la Universidad de Concepción
Fag:
Tags: Tilføj Tag
Ingen Tags, Vær først til at tagge denne postø!

MARC

LEADER 00000nam a2200000 a 4500
001 UCP9860
003 CL-VaPUC
008 000407e19870000CL |||||||||||||||||spa|d
082 0 4 |a 759.983  |b GEN  |2 21 
245 1 0 |a Generación del 13 
300 |a 35 p 
942 |c BK 
945 |d 20000407 00:00:00  |a crobeson 
260 |a Santiago  |b Banco Concepción  |c 1987 
650 0 |a Pintura chilena  |9 266171 
650 0 |a Pintores chilenos  |9 345328 
650 7 |a EXPOSICIONES ARTISTICAS  |2 CL-VaPUC  |9 440741 
583 |a last modification  |c 20000407 00:00:00  |k Rodrigo Vera 
490 0 |a Colección Pinacoteca de la Universidad de Concepción 
999 |c 286641  |d 286639 
952 |0 0  |1 0  |4 0  |6 759_983000000000000_GEN_1987  |7 0  |8 X  |9 332684  |a BIBHIS  |b BIBHIS  |d 2019-11-20  |i 1398768  |o 759.983 GEN 1987  |p 1398768  |r 2024-01-30  |w 2019-11-20  |y BK_X  |k HIS